The Cranberries - Linger - Statistics

General Stats
  • This quiz has been taken 84 times
  • The average score is 245 of 289
Answer Stats
Answer % Correct
a
98%
Do
98%
do
98%
linger?
98%
linger
98%
to
98%
to,
98%
you,
98%
you
98%
you?
98%
You
98%
have
97%
I
97%
it
95%
let
95%
me
92%
for
90%
finger
89%
fool
89%
so
89%
So
89%
your
89%
go
87%
Don't
85%
don't
85%
got
85%
I'm
85%
know
85%
such
85%
around
84%
could
84%
If
84%
if
84%
wrapped
84%
But
82%
the
82%
in
81%
just
81%
burn,
79%
not
79%
be
77%
we
77%
And
76%
return
76%
Was
76%
was
76%
it's
74%
It's
74%
all
73%
deep
73%
fade
73%
Is
71%
were
71%
Were
71%
why
69%
game
68%
that
68%
way
68%
would
68%
apart
65%
attitude
65%
hand?
65%
her
65%
You've
65%
holding
63%
lie
63%
tearing
63%
time?
63%
ruining
61%
thought
61%
lying
58%
rude
58%
stand?
58%
sure
58%
with
58%
by
56%
wrong
56%
of
55%
did
53%
everything
53%
get
53%
nothing
53%
want
53%
being
50%
swore,
50%
swore
50%
true
50%
confused
48%
world
48%
wouldn't
48%
feel
47%
Trying
47%
always
42%
honey,
42%
knew
42%
Things
40%
really
39%
used
39%
No matching quizzes found
Score Distribution
Percent of People with Each Score
Percentile by Number Answered
Your Score History
You have not taken this quiz